00493nam a2200133Ia 4500008004100000082001500041100004500056245013600101260003900237300001500276520001100291650002800302700002900330230907s9999||||xx |||||||||||||| ||und|| a620.1bUMA aMuhammad Umair Ali Moughal (00000320563) 3aAn upgraded Voltage Stability Index based Approach for Multiple DG Placement in Mesh Distribution System across Multiple Horizons / aUSPCAS-E, NUST,bIslamabad :c2021 avii, 62 p. aTH-327 aMS-EEP Thesis MS Thesis aDr. Syed Ali Abbas Kazmi